书目信息 |
| 题名: |
史林小札
|
|
| 作者: | 刘逸生 著 | |
| 分册: | ||
| 出版信息: | 广州 广州出版社 1998.10 |
|
| 页数: | 388页 | |
| 开本: | 32开 | |
| 丛书名: | ||
| 单 册: | ||
| 中图分类: | K206.6 | |
| 科图分类: | ||
| 主题词: | 中国--通史 | |
| 电子资源: | ||
| ISBN: | 7-80592-823-1 | |
| 000 | 00519nam0 2200193 45 | |
| 001 | 0209181083 | |
| 005 | 20031219104057.3 | |
| 010 | @a7-80592-823-1@dCNY19.80 | |
| 100 | @a20020918d1998 km y0chiy0120 ea | |
| 101 | 0 | @achi |
| 105 | @a z 000yy | |
| 200 | 1 | @a史林小札@AShi Lin Xiao Zha@f刘逸生著@FLiu Yi Sheng Zhu |
| 210 | @a广州@c广州出版社@d1998.10 | |
| 215 | @a388页@d32开 | |
| 606 | 0 | @a中国@x通史 |
| 690 | @aK206.6@v4 | |
| 701 | @a刘逸生@4著 | |
| 801 | @aCN@bTSTC@c20020918 | |
| 905 | @b314198-202@dK206.6@e71@f5 | |
| 史林小札/刘逸生著.-广州:广州出版社,1998.10 |
| 388页;32开 |
| ISBN 7-80592-823-1:CNY19.80 |
| ● |
| 相关链接 |
|
|
|
|
正题名:史林小札
索取号:K206.6/71
 
预约/预借
| 序号 | 登录号 | 条形码 | 馆藏地/架位号 | 状态 | 备注 |
| 1 | 0314198 | 203141983 | 第二借阅区/ [索取号:K206.6/71] | 在馆 | |
| 2 | 0314199 | 203141992 | 第二借阅区/ [索取号:K206.6/71] | 在馆 | |
| 3 | 0314200 | 203142009 | 第二借阅区/ [索取号:K206.6/71] | 在馆 | |
| 4 | 0314201 | 203142018 | 第二借阅区/ [索取号:K206.6/71] | 在馆 | |
| 5 | 0314202 | 203142027 | 第二样本阅览室/ [索取号:K206.6/71] | 在馆 |